000 00353nam a2200169Ia 4500
100 _a#N/A
650 _aComputers
250 _a3
942 _cBK
654 _aPROGRAMMING
245 _a8086 FAMILY DESIGN PROGRAMMING
260 _bPRINTICE HALL
_anEW DELHHI
_c1980
082 _a005/UFF
_bUFF
300 _a335
546 _aENGLISH
999 _c35601
_d35601